NBA 2021-2022 Notable Occurrences - Statistics

General Stats
  • This quiz has been taken 262 times
    124 since last reset
  • The average score is 25 of 41
Answer Stats
Answer % Correct
LeBron James
93%
Stephen Curry
92%
James Harden
87%
Kevin Durant
86%
Ja Morant
84%
Jalen Green
83%
Chris Paul
82%
G. Antetokounmpo
82%
Nikola Jokić
82%
Joel Embiid
81%
Kyrie Irving
81%
Luka Dončić
81%
Russell Westbrook
80%
Klay Thompson
79%
Zach LaVine
78%
Karl-Anthony Towns
75%
Buddy Hield
73%
Gregg Popovich
73%
DeMar DeRozan
70%
Tyler Herro
69%
Jimmy Butler
68%
Carmelo Anthony
65%
Trae Young
62%
Joe Harris
60%
Duncan Robinson
59%
Jayson Tatum
58%
Lonzo Ball
54%
Lou Williams
54%
Robert Williams III
53%
Josh Giddey
52%
Anthony Edwards
51%
Jaylen Brown
50%
Dwight Howard
46%
Doc Rivers
33%
Jarrett Allen
30%
Nikola Vucevic
16%
Patty Mills
15%
DeMarcus Cousins
14%
Gary Trent Jr.
4%
Kelly Oubre Jr.
3%
Bojan Bodganović
1%
No matching quizzes found
Score Distribution
Percent of People with Each Score
Percentile by Number Answered
Your Score History
You have not taken this quiz since the last reset